[Event "TUR Cup										"]
[Site "Antalya"]
[Date "2018.01.31"]
[Round "7"]
[White "Sabahi, Caglar"]
[Black "Ozdemir, Emrehan"]
[Result "0-1"]
[WhiteElo "1066"]
[BlackElo "1354"]
[PlyCount "107"]
[EventDate "2018.01.27"]
[EventType "swiss"]
[EventRounds "11"]
[EventCountry "TUR"]
[SourceTitle "CBM 182 Extra"]
[Source "ChessBase"]
[SourceDate "2018.02.23"]
[SourceVersion "1"]
[SourceVersionDate "2018.02.23"]
[SourceQuality "1"]

1. e4 c6 2. d3 d5 3. Qe2 Nf6 4. g3 Bg4 5. Nf3 Nbd7 6. Bg2 Ne5 7. Nbd2 e6 8. exd5 Nxf3+ 9. Nxf3 Nxd5 10. 0-0 Be7 11. Bd2 Bf6 12. Rab1 0-0 13. h3 Bh5 14. c4 Nc7 15. b4 Qd7 16. Rfd1 Rfd8 17. Be3 Ne8 18. a4 Nd6 19. Qc2 Bg6 20. Rb3 Nf5 21. Bf4 Nd4 22. Nxd4 Bxd4 23. c5 Bf5 24. Bd6 e5 25. Kh2 Qe6 26. Re1 f6 27. Rbb1 Rxd6 28. cxd6 Qxd6 29. b5 Rc8 30. Rbc1 Kf8 31. Qb3 Bxf2 32. Rf1 Be6 33. Qb1 Bb6 34. bxc6 bxc6 35. Qc2 c5 36. Qb2 Bc7 37. Qb5 e4 38. Qxc5 Qxc5 39. Rxc5 Bxg3+ 40. Kxg3 Rxc5 41. Bxe4 Kf7 42. Rb1 f5 43. Rb7+ Kf6 44. Bg2 Ra5 45. Bc6 Ba2 46. d4 Bc4 47. Rd7 Bb3 48. d5 Bc2 49. Rd6+ Ke5 50. Rd7 Bxa4 51. Bxa4 Rxa4 52. d6 Ra5 53. Rxg7 Kxd6 54. Rxh7 0-1

[Event "TUR Cup										"]
[Site "Antalya"]
[Date "2018.01.28"]
[Round "3"]
[White "Ozsoy, Alimert"]
[Black "Ozdemir, Emrehan"]
[Result "1-0"]
[WhiteElo "1998"]
[BlackElo "1354"]
[PlyCount "55"]
[EventDate "2018.01.27"]
[EventType "swiss"]
[EventRounds "11"]
[EventCountry "TUR"]
[SourceTitle "CBM 182 Extra"]
[Source "ChessBase"]
[SourceDate "2018.02.23"]
[SourceVersion "1"]
[SourceVersionDate "2018.02.23"]
[SourceQuality "1"]

1. Nf3 f5 2. b3 Nf6 3. Bb2 e6 4. g3 d5 5. Bg2 Bd6 6. 0-0 0-0 7. d4 c6 8. c4 Bd7 9. Nbd2 Be8 10. Rc1 Nbd7 11. Qc2 Ne4 12. Ne5 Ndf6 13. f3 Nxd2 14. Qxd2 Nh5 15. g4 f4 16. gxh5 Rf5 17. Rf2 Qh4 18. Bf1 Bxh5 19. Rg2 Raf8 20. Qe1 Qe7 21. c5 Bxe5 22. dxe5 g5 23. Bd4 R8f7 24. Qh4 Bg6 25. Qh6 g4 26. fxg4 Rg5 27. h4 Be4 28. Qxg5+ 1-0

[Event "TUR Cup										"]
[Site "Antalya"]
[Date "2018.01.27"]
[Round "1"]
[White "Demir, Hilmi Mustafa"]
[Black "Ozdemir, Emrehan"]
[Result "1/2-1/2"]
[WhiteElo "1838"]
[BlackElo "1354"]
[PlyCount "89"]
[EventDate "2018.01.27"]
[EventType "swiss"]
[EventRounds "11"]
[EventCountry "TUR"]
[SourceTitle "CBM 182 Extra"]
[Source "ChessBase"]
[SourceDate "2018.02.23"]
[SourceVersion "1"]
[SourceVersionDate "2018.02.23"]
[SourceQuality "1"]

1. e4 c6 2. d4 d5 3. Nc3 dxe4 4. Nxe4 Nd7 5. Ng5 Ngf6 6. Bd3 h6 7. Ne6 Qb6 8. Nxf8 Nxf8 9. Ne2 Ne6 10. c3 c5 11. 0-0 cxd4 12. Nxd4 Nxd4 13. Be3 Qxb2 14. Bxd4 0-0 15. a4 e5 16. Bxe5 Qb6 17. a5 Qd8 18. Ra4 Be6 19. Qe2 Qe7 20. Qf3 Nd7 21. Bd4 Nc5 22. Rb4 Nxd3 23. Rxb7 Qg5 24. Qxd3 Bd5 25. f3 Bxb7 26. a6 Bc6 27. Rb1 Qg6 28. Qxg6 fxg6 29. Rb4 Rab8 30. Rc4 Bd5 31. Rc5 Bf7 32. Rc7 Ra8 33. Kf2 Rfc8 34. Rb7 Rcb8 35. Rc7 Rb2+ 36. Kg3 Ra2 37. Rc6 Be8 38. Rc7 Rxa6 39. Rxg7+ Kf8 40. Rh7 g5 41. Kg4 Re6 42. Rh8+ Kf7 43. Rh7+ Kg8 44. Rh8+ Kf7 45. Rh7+ 1/2-1/2